| 000 | 00723 a2200241 4500 | ||
|---|---|---|---|
| 003 | OSt | ||
| 005 | 20180116182908.0 | ||
| 008 | 160427b xxu||||| |||| 00| 0 eng d | ||
| 020 | _a0806522488 (paperback) | ||
| 020 | _a9780806522487 (paperback) | ||
| 040 | _c0 | ||
| 082 | 0 | 4 | _a297 |
| 100 | _aAllama Al-Mamun. | ||
| 245 | 1 | 4 |
_aThe wisdom of muhammad / _cAllama Al-mamun, Mahatma Gandhi. |
| 260 |
_a[S.l.] : _bCitadel, _c2001. |
||
| 300 |
_a128 p. ; _c22 cm. |
||
| 490 | 1 | _aWisdom library. | |
| 700 | 1 | _aAl-mamun, Allama. | |
| 700 | 1 | _aGandhi, Mahatma. | |
| 830 | 0 | _aWisdom library. | |
| 856 | 4 | 0 |
_3Amazon.com _uhttp://www.amazon.com/exec/obidos/ASIN/0806522488/chopaconline-20 |
| 942 |
_aNBS _cBK _k297.63 ABD _2ddc |
||
| 999 |
_c348028 _d348028 |
||